Life on the Mississippi / (Record no. 14536)

MARC details
000 -LEADER
fixed length control field 00509nam a22001692 4500
001 - CONTROL NUMBER
control field 0000009664
005 - DATE AND TIME OF LATEST TRANSACTION
control field 20151217160122.0
008 - FIXED-LENGTH DATA ELEMENTS--GENERAL INFORMATION
fixed length control field 081114s xx 000 0 eng d
040 ## - CATALOGING SOURCE
Original cataloging agency KABU
Transcribing agency KABU
100 1# - MAIN ENTRY--PERSONAL NAME
Personal name Twain, Mark.
Numeration 1835-1910.
-- 0000152543
245 10 - TITLE STATEMENT
Title Life on the Mississippi /
Statement of responsibility, etc. Mark Twain; illus. by Walter Stewart.
260 ## - PUBLICATION, DISTRIBUTION, ETC. (IMPRINT)
Place of publication, distribution, etc. New York :
Name of publisher, distributor, etc. Harper & Brothers,
Date of publication, distribution, etc. 1874.
300 ## - PHYSICAL DESCRIPTION
Extent 526 p.
852 1# - LOCATION
-- p200 KES
908 ## - PUT COMMAND PARAMETER (RLIN)
Put command parameter 081114
950 ## - LOCAL HOLDINGS (RLIN)
-- 1
Holdings
Withdrawn status Lost status Source of classification or shelving scheme Not for loan Home library Current library Date acquired Total Checkouts Full call number Barcode Date last seen Price effective from Koha item type
    Library of Congress Classification   Kabarak, Main Campus Kabarak, Main Campus 17/12/2015   PZ7 .T93L5 c. 1 15525 05/01/2021 17/12/2015 Children Collection
Designed with assistance from East African Informatics Ltd